|
|
|
|
| LEADER |
00000nam a2200000 a 4500 |
| 001 |
UCW3942 |
| 003 |
CL-VaPUC |
| 008 |
890612e19880000MX |||||||||||||||||spa|d |
| 082 |
0 |
4 |
|a 371.9
|b BEN
|2 21
|
| 100 |
0 |
|
|a Benjamin, Barbaranne J
|e author
|9 308389
|
| 245 |
1 |
3 |
|a Un niño especial en la familia: guía para padres
|
| 300 |
|
|
|a 85 p
|
| 942 |
|
|
|c BK
|
| 945 |
|
|
|d 19890612 00:00:00
|
| 260 |
|
|
|a Ciudad de México
|b Trillas
|c 1988
|
| 650 |
|
0 |
|a Educación especial
|9 307486
|
| 650 |
|
7 |
|a NIÑOS IMPEDIDOS EDUCACION
|2 CL-VaPUC
|9 308390
|
| 583 |
|
|
|a last modification
|c 19890612 00:00:00
|k Rodrigo Vera
|
| 999 |
|
|
|c 217794
|d 217792
|
| 952 |
|
|
|0 0
|1 0
|4 0
|6 371_900000000000000_BEN_1988
|7 0
|8 P
|9 206249
|a BIBEDU
|b BIBEDU
|c BIBEDU_PB
|d 2019-11-15
|i 2740400
|o 371.9 BEN 1988
|p 2740400
|r 2024-01-25
|w 2019-11-15
|y BK
|k EDU
|